| 000 -LEADER |
| fixed length control field |
00351nam a2200133Ia 4500 |
| 008 - FIXED-LENGTH DATA ELEMENTS--GENERAL INFORMATION |
| fixed length control field |
200103s 1998 ||||xx |||||||||||||| ||und|| |
| 082 ## - DEWEY DECIMAL CLASSIFICATION NUMBER |
| Classification number |
302.23 |
| Item number |
UKH |
| 100 ## - MAIN ENTRY--PERSONAL NAME |
| Personal name |
Admiralty |
| 245 #0 - TITLE STATEMENT |
| Title |
Admiralty List of Lights and fog Signals |
| 250 ## - EDITION STATEMENT |
| Edition statement |
Vol. 8 |
| 260 ## - PUBLICATION, DISTRIBUTION, ETC. (IMPRINT) |
| Name of publisher, distributor, etc |
Admitalty charts and publications |
| Date of publication, distribution, etc |
1998 |
| Place of publication, distribution, etc |
UK |
| 300 ## - PHYSICAL DESCRIPTION |
| Extent |
94p. |
| 942 ## - ADDED ENTRY ELEMENTS (KOHA) |
| Item type |
Books |